Score 0/30 Timer 03:00
2 Plays Today
Hint 3-Letter Word % Correct
'My lips ___ sealed'ARE
99%
Drink: Ginger ___ALE
97.4%
'___ favor,' 'please' in SpanishPOR
97.2%
Not againstFOR
97.1%
&AND
96.9%
It's the loneliest numberONE
96.9%
Female deerDOE
96.4%
Dr. of hip hopDRE
95.8%
The P of RPMPER
94.9%
What the Red Cross providesAID
94%
Was victoriousWON
92%
Lex Luthor, vis-à-vis SupermanFOE
91.6%
Animal hairFUR
91.3%
Miner's outputORE
91.2%
Suffix with meth-ANE
91.2%
Hint 3-Letter Word % Correct
'Don't Stop ___ You Get Enough''TIL
90.9%
The whole kit and kaboodleALL
88.7%
Way out yonderFAR
88.5%
One cheering for their teamFAN
87.1%
It could be caudal or dorsal, e.g.FIN
87.1%
Sn, on the periodic tableTIN
87%
Pale-lookingWAN
84.4%
'Some Nights' bandFUN.
83.3%
'___ we now our gay apparel'DON
82.7%
Hockey legend BobbyORR
78.8%
'___ the land of the free'O'ER
77.3%
Constant noiseDIN
75%
Suffer from sicknessAIL
73.9%
French riverAIN
73.5%
Leatherworking toolAWL
64.9%

Today's Daily Dose

Remove Ads.
Support Sporcle.
Get the best of Sporcle when you Go Orange. This ad-free experience offers more features, more stats, and more fun while also helping to support Sporcle. Thank you for becoming a member.

You're not logged in!

Compare scores with friends on all Sporcle quizzes.
OR
Log In

Show Comments

Extras

Top Quizzes Today


Score Distribution

Your Account Isn't Verified!

In order to create a playlist on Sporcle, you need to verify the email address you used during registration. Go to your Sporcle Settings to finish the process.

Report this User

Report this user for behavior that violates our Community Guidelines.

Details: